Statistiken für Alle Pokémon der 7. Generation

Klicken Sie hier um das Quiz zu spielen!

Allgemein

  • Dieses Quiz wurde 5 mal gespielt
  • Das Durchschnittsergebnis liegt bei 25 aus 86

Antwortstatistiken

7. Generation% Korrekt
Bauz
100%
Cosmovum
75%
Fuegro
75%
Katagami
75%
Lunala
75%
Necrozma
75%
Robball
75%
Schlingking
75%
Solgaleo
75%
Wolwerock
75%
Wuffels
75%
Amfira
50%
Amigento
50%
Anego
50%
Choreogel
50%
Cosmog
50%
Curelei
50%
Flamiau
50%
Gufa
50%
Kapu -Fala
50%
Kapu -Kime
50%
Kapu -Riki
50%
Kapu -Toro
50%
Knirfish
50%
Kosturso
50%
Lusardin
50%
Marikeck
50%
Masskito
50%
Molunk
50%
Pampross
50%
Primarene
50%
Schabelle
50%
Silvarro
50%
Venicro
50%
Aboretoss
25%
Aggrostella
25%
Bandelby
25%
Krabbox
25%
Krawell
25%
Mabula
25%
Magearna
25%
Manguspektor
25%
Marshadow
25%
Miezunder
25%
Mimigma
25%
Pampuli
25%
Reißlaus
25%
Tectass
25%
Trompeck
25%
Typ Null
25%
Voltriant
25%
Wommel
25%
Agoyon
0%
Akkup
0%
Aranestro
0%
Araqua
0%
Bubungus
0%
Colossand
0%
Donarion
0%
Frubaila
0%
Frubberl
0%
Fruyal
0%
Garstella
0%
Grandiras
0%
Imantis
0%
Kaguron
0%
Koalelu
0%
Kommandutan
0%
Kopplosio
0%
Lamellux
0%
Mangunior
0%
Mantidea
0%
Mediras
0%
Meteno
0%
Miniras
0%
Moruda
0%
Muramura
0%
Peppeck
0%
Quartermak
0%
Sankabuh
0%
Sen -Long
0%
Togedemaru
0%
Tortunator
0%
Tukanon
0%
Velursi
0%
Zeraora
0%

Verteilung der Resultate

Perzentil nach korrekt beantworteten Fragen

Anzahl Personen mit jedem Resultat

Ihre Resultats-Entwicklung

Sie haben dieses Quiz noch nicht gespielt